| 000 | 00461nam a2200169Ia 4500 | ||
|---|---|---|---|
| 999 |
_c26484 _d26484 |
||
| 003 | OSt | ||
| 005 | 20201202124825.0 | ||
| 008 | 190216s9999||||xx |||||||||||||| ||und|| | ||
| 040 | _coclc | ||
| 082 |
_a894.8123 _bVIL/Y |
||
| 100 |
_aVilasini _96772 |
||
| 245 | 0 |
_aYaathramukham / _cVilasini |
|
| 260 |
_bD C Books _c1987. _aKottayam: |
||
| 300 | _a365p | ||
| 650 | _aMalayalam Novel | ||
| 942 |
_cBK _2ddc _h894.8123 _iVIL/Y _k894.8123 _mVIL/Y |
||